| 000 | 006990000a22002170004500 | ||
|---|---|---|---|
| 090 |
_aAR _b01638 |
||
| 245 | 1 | 0 | _aSmall-mammal regulation of vegetation structure in a temperate savanna |
| 650 | 1 | 4 |
_aCompetencia biológica _994013 |
| 650 | 1 | 4 |
_aHerbivoría _993852 |
| 650 | 1 | 4 |
_aDispersión de semillas _992588 |
| 650 | 1 | 4 |
_aRelación planta-animal _992861 |
| 651 | 4 |
_dTexas _pEstados Unidos _992749 |
|
| 653 |
_gCynomys _eCynomys ludovicianus |
||
| 653 |
_gProsopis _eProsopis glandulosa |
||
| 041 | 0 | _aInglés | |
| 700 | 1 |
_aArcher, Steve _995039 |
|
| 700 | 1 |
_aHeitschmidt, Rod K. _995040 |
|
| 100 | 1 |
_aWeltzin, Jake E. _995041 |
|
| 942 | _cARTICULO | ||
| 773 | 1 |
_tEcology _357 _h3 _q751-763 _d1997 _g78 |
|
| 999 |
_c10718 _d10718 |
||